• 首页
  • 本馆介绍
  • 公告通知
  • 最新文献
  • 馆藏检索
  • 电子资源
  • 读者导购
  • 参考咨询
  • 我的图书馆
  • 登录
  • 详细信息显示
  • 放入我的书架
  • 预约/预借图书
  • 作者相关作品
  • 分类相关作品
  • 丛书相关作品
  • 出版社相关作品

书目信息

  • 表格格式
  • 工作单格式
  • 卡片格式
题名:
微生物与人
    
 
作者: 波斯特盖特 著 ;周启玲 , 周育 , 毕群 译
分册:  
出版信息: 北京   中国青年出版社  2021
页数: 411页
开本: 24cm
丛书名:
单 册:
中图分类: Q939-49 , Q939
科图分类:
主题词: 微生物--普及读物
电子资源:
ISBN: 978-7-5153-6197-0
000 01022nam0 2200289 450
001 2230298859
005 20220921082603.23
010    @a978-7-5153-6197-0@dCNY68.00
100    @a20210608d2021 em y0chiy50 ea
101 1  @achi@ceng
102    @aCN@b110000
105    @aa z 001yy
200 1  @a微生物与人@9wei sheng wu yu ren@dMicrobes and man@f(英)约翰·波斯特盖特(John Postgate)著@g周启玲,周育,毕群译@zeng
205    @a2版
210    @a北京@c中国青年出版社@d2021
215    @a411页@c图,照片@d24cm
330    @a本书共11章,内容包括:人和微生物、微生物学、微生物与社会、微生物与营养、微生物与生产、废物的处理和清除等。
510 1  @aMicrobes and man@zeng
606 0  @a微生物@j普及读物
690    @aQ939-49@v5
690    @aQ939@v4
701  0 @c(英)@a波斯特盖特@9bo si te gai te@c(Postgate, John)@4著
702  0 @a周启玲@9zhou qi ling@c(微生物学)@4译
702  0 @a周育@9zhou yu@c(微生物学)@4译
702  0 @a毕群@9bi qun@c(微生物学)@4译
801  0 @aCN@b91MARC@c20210808
905    @aZUCC@dQ939@e68-2
    
    微生物与人=Microbes and man/(英)约翰·波斯特盖特(John Postgate)著/周启玲,周育,毕群译.-2版.-北京:中国青年出版社,2021
    411页:图,照片;24cm
    
    
    ISBN 978-7-5153-6197-0:CNY68.00
    本书共11章,内容包括:人和微生物、微生物学、微生物与社会、微生物与营养、微生物与生产、废物的处理和清除等。
●
相关链接 在五车中查询图书 在当当中查询图书 在豆瓣中查询图书


正题名:微生物与人     索取号:Q939/68-2         预约/预借

序号 登录号 条形码 馆藏地/架位号 状态 备注
1 2000899726   2000899726   第三书库/ [索取号:Q939/68-2] 在馆    
2 2000899727   2000899727   第三书库/ [索取号:Q939/68-2] 在馆    
3 2000899728   2000899728   第三书库/ [索取号:Q939/68-2] 在馆    
山东省滨州职业学院图书馆 欢迎您!
大连网信软件有限公司© 版权所有